Problems in Anesthesia : (Record no. 5664)

000 -LEADER
fixed length control field 00573nam a22002057a 4500
003 - CONTROL NUMBER IDENTIFIER
control field OSt
005 - DATE AND TIME OF LATEST TRANSACTION
control field 20220519125743.0
008 - FIXED-LENGTH DATA ELEMENTS--GENERAL INFORMATION
fixed length control field 220519b ||||| |||| 00| 0 eng d
020 ## - INTERNATIONAL STANDARD BOOK NUMBER
International Standard Book Number -
040 ## - CATALOGING SOURCE
Transcribing agency ALUPE UNIVERSITY
050 ## - LIBRARY OF CONGRESS CALL NUMBER
Classification number RD82.5
Item number .A53 1990
245 ## - TITLE STATEMENT
Title Problems in Anesthesia :
Remainder of title Chronic Pain
260 ## - PUBLICATION, DISTRIBUTION, ETC.
Place of publication, distribution, etc. U.S.A.
Name of publisher, distributor, etc. J. B. Lippincott Company
Date of publication, distribution, etc. c1990.
300 ## - PHYSICAL DESCRIPTION
Extent vii, 690p. ;
Other physical details ill;
Dimensions 26cm.
440 ## - SERIES STATEMENT/ADDED ENTRY--TITLE
Title Problems in Anesthesia
504 ## - BIBLIOGRAPHY, ETC. NOTE
Bibliography, etc. note Includes index.
650 ## - SUBJECT ADDED ENTRY--TOPICAL TERM
Topical term or geographic name entry element Chronic Pain.
700 ## - ADDED ENTRY--PERSONAL NAME
Personal name Hare, Bradford D. and Fine, Perry G.
942 ## - ADDED ENTRY ELEMENTS (KOHA)
Source of classification or shelving scheme
Koha item type Book
Suppress in OPAC CM
Holdings
Withdrawn status Lost status Source of classification or shelving scheme Damaged status Not for loan Permanent Location Current Location Shelving location Date acquired Source of acquisition Total Checkouts Full call number Barcode Date last seen Price effective from Koha item type Public note
          AU LIBRARY AU LIBRARY Open Shelf 19.05.2022 DONATION FROM MOI UNIVERSITY   RD82.5 .A53 1990 Vol 4 28007949 19.05.2022 19.05.2022 Book CM

Powered by Koha